01588nam a2200289 i 4500003000900000005001700009007000300026008004100029020001800070040003000088082001800118100004200136245005000178264006300228300005500291336002700346337003400373338002800407520034900435590002700784910001400811942001300825952014500838952015100983952014701134999001701281DO-SdBNP20250407103855.0ta250407s2024 dr ag 000 j spa d a9788869291462 aDO-SdBNPbspacBNPHUerda axxxbV7192221 aVillar, Ana Rita977949eautora4aut.10aNena :bmi abuelita amada /cAna Rita Villar  1a[Santo Domingo] :b[Centro Cultural de España],c[2024]. a[38] páginas bIlustraciones, música ;c22 cm. atextobtxt2rdacontent asin mediación bn2rdamedia avolumenbnc2rdacarrier aEs una historia que nos habla del amor filial. Describe la bondad y la entrega amorosa de una dulce abuelita. Que brinda sus cuidados a manos llenas a todos sus familiares. Su legado de amor es tan profundo, que al partir de este mundo, su recuerdo sigue vivo en los corazones de todos los que recibieron la impronta de su cariño sincero. aInventariado, 2025/ YL aYLockward 2ddccLF2 00102ddc51708CIJ-PDaBNPHUbBNPHUcCTd2024-09-23eDepósito Legal l0oBNPHU F-CIJ-PD xxx V719p2025-2761r2025-04-07w2025-04-07yLF2 00102ddc51708CIJ-PDaBNPHUbBNPHUcCTd2024-09-23eDepósito Legal l0oBNPHU F-CIJ-PD xxx V719p2025-2762r2025-04-07te. 2w2025-04-07yLF2 00102ddc56708DSaBNPHUbBNPHUcCTd2024-09-23eDepósito Legal l0oBNPHU F-CIJ-DS xxx V719p2025-2763r2025-04-07te. 3w2025-04-07yLF2 c58634d58634